| 000 | 01318nam a22002897a 4500 | ||
|---|---|---|---|
| 005 | 20101214143750.0 | ||
| 008 | 101214t xxu||||| |||| 00| 0 eng d | ||
| 010 | _aENG-101807 | ||
| 020 |
_a9788120341432 _c395.00 |
||
| 035 | _aEN-85340 | ||
| 037 | _bDBAD/PUB | ||
| 040 |
_aDPL _bEng |
||
| 082 | _a005.54 | ||
| 100 |
_921837 _aFrye, Curtis D. |
||
| 245 |
_aMicrosoft Excel 2010 : _cby Curtis D. Frye _bstep by step / |
||
| 260 |
_aNew Delhi _bPHI Learning _c2011 |
||
| 270 |
_aM-97, Connaught Circus _bNew Delhi _e110001 |
||
| 300 |
_axli, 436 p. : _c24cm (pbk) _bill |
||
| 500 | _a"Write formulas, calculate values, and organize results; visualize data with graphics, charts, and diagrams; use filters to zero in on the most-relevant data; analyze data dynamically with PivotTables; exchange data with other Microsoft Office applications; create templates and macros to save time"--P. [4] of cover. | ||
| 500 | _aIncludes index. | ||
| 630 |
_aMicrosoft Excel (Computer file) _924775 |
||
| 650 |
_921838 _aBusiness _xComputer programs. |
||
| 650 |
_921839 _aElectronic spreadsheets. |
||
| 700 | _921841 | ||
| 942 |
_2ddc _cEN _mFRY _h005.54 |
||
| 999 |
_c49166 _d49166 |
||